<?xml version="1.0" encoding="UTF-8"?>
<record
    xmlns:xsi="http://www.w3.org/2001/XMLSchema-instance"
    xsi:schemaLocation="http://www.loc.gov/MARC21/slim http://www.loc.gov/standards/marcxml/schema/MARC21slim.xsd"
    xmlns="http://www.loc.gov/MARC21/slim">

  <leader>01444nam a2200253   4500</leader>
  <controlfield tag="005">20240703153323.0</controlfield>
  <controlfield tag="008">160606s2011    m  a|||| |||| 00| 0 spa d</controlfield>
  <datafield tag="020" ind1=" " ind2=" ">
    <subfield code="a">9786074480986</subfield>
  </datafield>
  <datafield tag="050" ind1=" " ind2="4">
    <subfield code="a">RM301.13 </subfield>
    <subfield code="b">G5418 </subfield>
  </datafield>
  <datafield tag="100" ind1="1" ind2=" ">
    <subfield code="a">Gleason, Jessica A.</subfield>
    <subfield code="e">autor</subfield>
  </datafield>
  <datafield tag="240" ind1="1" ind2="0">
    <subfield code="a">Deja Review. Pharmacology. </subfield>
    <subfield code="l">Espa&#xF1;ol</subfield>
  </datafield>
  <datafield tag="245" ind1="1" ind2="0">
    <subfield code="a">D&#xE9;j&#xE0;review.  Farmacolog&#xED;a</subfield>
    <subfield code="c">/ Jessica A. Gleason ; traducido por Leonora V&#xE9;liz Salazar</subfield>
  </datafield>
  <datafield tag="260" ind1="3" ind2=" ">
    <subfield code="a">M&#xE9;xico</subfield>
    <subfield code="b"> : El Manual Moderno</subfield>
    <subfield code="c"> , 2011</subfield>
  </datafield>
  <datafield tag="300" ind1=" " ind2=" ">
    <subfield code="a">xv, 219 p&#xE1;ginas</subfield>
    <subfield code="b">ilustraciones</subfield>
  </datafield>
  <datafield tag="490" ind1="0" ind2=" ">
    <subfield code="a">D&#xE9;j&#xE1;review</subfield>
  </datafield>
  <datafield tag="500" ind1=" " ind2=" ">
    <subfield code="a">Traducci&#xF3;n de: Deja Review. Pharmacology. Second Edition 
Incluye Ap&#xE9;ndice, Lecturas sugeridas e &#xCD;ndice</subfield>
  </datafield>
  <datafield tag="505" ind1="1" ind2=" ">
    <subfield code="a">Principios b&#xE1;sicos
Antimicrobianos
Quimioterap&#xE9;uticos para c&#xE1;ncer
F&#xE1;rmacos aut&#xF3;nomos
F&#xE1;rmacos para el SNC
F&#xE1;rmacos cardiovasculares / Renales
F&#xE1;rmacos pulmonares
F&#xE1;rmacos gastrointestinales
F&#xE1;rmacos endocrinos
F&#xE1;rmacos antiinflamatorios y derivados de P-aminofenol (paracetamol)
Temas varios en farmacolog&#xED;a</subfield>
  </datafield>
  <datafield tag="519" ind1=" " ind2=" ">
    <subfield code="a">Material complementario Plan UNAM / </subfield>
    <subfield code="b">Enfermer&#xED;a / </subfield>
    <subfield code="c">Procesos qu&#xED;micos y farmacobiol&#xF3;gicos 1311 /</subfield>
    <subfield code="d">(23 000747, 23 000748, 23 000749)</subfield>
  </datafield>
  <datafield tag="650" ind1="1" ind2="4">
    <subfield code="a">FARMACOLOGIA</subfield>
    <subfield code="x">EXAMENES, PREGUNTAS, ETC.</subfield>
  </datafield>
  <datafield tag="650" ind1="2" ind2="4">
    <subfield code="a">PREPARACIONES FARMAC&#xC9;UTICAS</subfield>
  </datafield>
  <datafield tag="700" ind1="1" ind2=" ">
    <subfield code="a">V&#xE9;liz Salazar, Leonora</subfield>
    <subfield code="e">traductor</subfield>
  </datafield>
  <datafield tag="942" ind1=" " ind2=" ">
    <subfield code="c">LB</subfield>
  </datafield>
  <datafield tag="952" ind1=" " ind2=" ">
    <subfield code="0">0</subfield>
    <subfield code="1">0</subfield>
    <subfield code="2">lcc</subfield>
    <subfield code="4">0</subfield>
    <subfield code="7">0</subfield>
    <subfield code="a">23</subfield>
    <subfield code="b">23</subfield>
    <subfield code="d">2016-06-06</subfield>
    <subfield code="l">5</subfield>
    <subfield code="m">1</subfield>
    <subfield code="o">RM301.13 G5418</subfield>
    <subfield code="p">23 000747</subfield>
    <subfield code="r">2026-01-28</subfield>
    <subfield code="s">2026-01-27</subfield>
    <subfield code="t">1</subfield>
    <subfield code="w">2016-06-06</subfield>
    <subfield code="y">LB</subfield>
  </datafield>
  <datafield tag="952" ind1=" " ind2=" ">
    <subfield code="0">0</subfield>
    <subfield code="1">0</subfield>
    <subfield code="4">0</subfield>
    <subfield code="7">0</subfield>
    <subfield code="a">23</subfield>
    <subfield code="b">23</subfield>
    <subfield code="d">2016-06-06</subfield>
    <subfield code="l">4</subfield>
    <subfield code="m">1</subfield>
    <subfield code="o">RM301.13 G5418</subfield>
    <subfield code="p">23 000748</subfield>
    <subfield code="r">2023-09-11</subfield>
    <subfield code="s">2023-09-08</subfield>
    <subfield code="t">2</subfield>
    <subfield code="w">2016-06-06</subfield>
    <subfield code="y">LB</subfield>
  </datafield>
  <datafield tag="952" ind1=" " ind2=" ">
    <subfield code="0">0</subfield>
    <subfield code="1">0</subfield>
    <subfield code="4">0</subfield>
    <subfield code="7">0</subfield>
    <subfield code="a">23</subfield>
    <subfield code="b">23</subfield>
    <subfield code="d">2016-06-06</subfield>
    <subfield code="l">8</subfield>
    <subfield code="o">RM301.13 G5418</subfield>
    <subfield code="p">23 000749</subfield>
    <subfield code="r">2024-09-05</subfield>
    <subfield code="s">2024-08-19</subfield>
    <subfield code="t">3</subfield>
    <subfield code="w">2016-06-06</subfield>
    <subfield code="y">LB</subfield>
  </datafield>
  <datafield tag="999" ind1=" " ind2=" ">
    <subfield code="c">99990</subfield>
    <subfield code="d">99990</subfield>
  </datafield>
</record>
